[Event "Bronshoj-ch B"]
[Site "Copenhagen"]
[Date "2020.03.05"]
[Round "1"]
[White "Hald Falkesgaard, Jeppe"]
[Black "Gustafsson, Magnus"]
[Result "1-0"]
[WhiteElo "1980"]
[BlackElo "1871"]
[PlyCount "119"]
[EventDate "2020.03.05"]
[EventType "tourn"]
[EventRounds "9"]
[EventCountry "DEN"]
[SourceTitle "EXT 2021"]
[Source "ChessBase"]
[SourceDate "2020.10.23"]
[SourceVersion "1"]
[SourceVersionDate "2020.10.23"]
[SourceQuality "1"]

1. d4 Nf6 2. c4 g6 3. Nc3 d5 4. cxd5 Nxd5 5. e4 Nxc3 6. bxc3 Bg7 7. Be3 c5 8. Rb1 0-0 9. Nf3 b6 10. Be2 Qc7 11. 0-0 Bb7 12. e5 cxd4 13. cxd4 Bd5 14. Nd2 Qb7 15. Bf3 Na6 16. Qe2 Nc7 17. Rb3 Rad8 18. Rc1 Bxf3 19. Nxf3 Nd5 20. Bd2 e6 21. Ng5 Qe7 22. Rh3 h6 23. Ne4 f5 24. exf6 Nxf6 25. Bxh6 Nxe4 26. Qxe4 Qf6 27. Rf3 Qxd4 28. Rxf8+ Kxf8 29. Bxg7+ Kxg7 30. Qxe6 Qd1+ 31. Qe1 Qxe1+ 32. Rxe1 Rd2 33. Ra1 Kf6 34. g3 b5 35. Rb1 Rxa2 36. Rxb5 a5 37. Kg2 a4 38. h4 a3 39. h5 gxh5 40. Rxh5 Ra1 41. Ra5 a2 42. g4 Kg6 43. f4 Kf6 44. Ra6+ Kf7 45. f5 Kg8 46. Ra7 Kf8 47. g5 Kg8 48. g6 Rb1 49. Rxa2 Kg7 50. Ra7+ Kg8 51. Kf3 Rb4 52. f6 Rb8 53. Kf4 Kh8 54. Rh7+ Kg8 55. f7+ Kf8 56. Rh8+ Kg7 57. Rxb8 Kh6 58. f8Q+ Kh5 59. Rb5+ Kh4 60. Qh6# 1-0

[Event "Bronshoj Lang Weekend"]
[Site "Copenhagen"]
[Date "2018.02.18"]
[Round "7"]
[White "Gustafsson, Magnus"]
[Black "Liu, Casper Yukun"]
[Result "0-1"]
[WhiteElo "1914"]
[BlackElo "1963"]
[PlyCount "46"]
[EventDate "2018.02.15"]
[EventType "swiss"]
[EventRounds "7"]
[EventCountry "DEN"]
[SourceTitle "CBM 183 Extra"]
[Source "ChessBase"]
[SourceDate "2018.04.19"]
[SourceVersion "1"]
[SourceVersionDate "2018.04.19"]
[SourceQuality "1"]

1. e4 Nc6 2. Nf3 e5 3. Bb5 a6 4. Ba4 Nf6 5. 0-0 b5 6. Bb3 Be7 7. c3 0-0 8. d3 d5 9. exd5 Nxd5 10. h3 Bf5 11. Re1 Bf6 12. Bc2 Re8 13. Nbd2 b4 14. c4 b3 15. Bxb3 Nf4 16. Ne4 Nxd3 17. Nxf6+ Qxf6 18. Re2 e4 19. Ne1 Nd4 20. Rd2 Qg6 21. Nxd3 exd3 22. Kh2 Bxh3 23. f3 Re2 0-1

[Event "Bronshoj Lang Weekend"]
[Site "Copenhagen"]
[Date "2018.02.17"]
[Round "4"]
[White "Eriksson, Christian Altenburg"]
[Black "Gustafsson, Magnus"]
[Result "1/2-1/2"]
[WhiteElo "2153"]
[BlackElo "1914"]
[PlyCount "117"]
[EventDate "2018.02.15"]
[EventType "swiss"]
[EventRounds "7"]
[EventCountry "DEN"]
[SourceTitle "CBM 183 Extra"]
[Source "ChessBase"]
[SourceDate "2018.04.19"]
[SourceVersion "1"]
[SourceVersionDate "2018.04.19"]
[SourceQuality "1"]

1. e4 d5 2. exd5 Qxd5 3. Nf3 Nf6 4. d4 a6 5. c4 Qd8 6. Nc3 e6 7. Be2 Be7 8. 0-0 0-0 9. Ne5 Nfd7 10. Bf3 Nxe5 11. dxe5 Qxd1 12. Rxd1 Nd7 13. Bxb7 Bxb7 14. Rxd7 Bd8 15. Be3 Bc6 16. Rd3 Be7 17. a3 f6 18. exf6 gxf6 19. Bh6 Rf7 20. Re1 e5 21. Nd5 Bf8 22. Bxf8 Raxf8 23. b4 Rd7 24. Red1 Kf7 25. Nc3 Rfd8 26. Rxd7+ Rxd7 27. Rxd7+ Bxd7 28. Kf1 Be6 29. c5 Bc4+ 30. Ke1 f5 31. Kd2 Ke6 32. g3 f4 33. a4 Kf5 34. b5 axb5 35. Nxb5 Ke4 36. Kc3 Kd5 37. Kb4 c6 38. Nc7+ Kd4 39. a5 f3 40. Ne8 e4 41. Nd6 Ba6 42. Nf5+ Kd3 43. g4 Ke2 44. Ng3+ Kxf2 45. Nxe4+ Ke3 46. Ng3 Kf4 47. g5 f2 48. Kc3 f1Q 49. Nxf1 Bxf1 50. Kd4 Kxg5 51. Ke5 h5 52. Kd6 Bb5 53. Kc7 Kg4 54. Kb6 Kh3 55. a6 Bxa6 56. Kxa6 Kxh2 57. Kb6 Kg3 58. Kxc6 h4 59. Kd7 1/2-1/2

[Event "Bronshoj-ch A"]
[Site "Bronshoj"]
[Date "2016.05.09"]
[Round "6"]
[White "Gustafsson, Magnus"]
[Black "Andersen, Soren Mikkel"]
[Result "1-0"]
[WhiteElo "1976"]
[BlackElo "2129"]
[PlyCount "81"]
[EventDate "2016.03.17"]
[EventType "swiss"]
[EventRounds "9"]
[EventCountry "DEN"]
[SourceTitle "EXT 2024"]
[Source "ChessBase"]
[SourceDate "2023.10.10"]
[SourceVersion "1"]
[SourceVersionDate "2023.10.10"]
[SourceQuality "1"]

1. e4 c5 2. Nf3 d6 3. Bb5+ Bd7 4. Bxd7+ Qxd7 5. c4 Nf6 6. Nc3 g6 7. 0-0 Bg7 8. d4 cxd4 9. Nxd4 0-0 10. Bg5 Nc6 11. Nf3 h6 12. Bd2 e6 13. Bf4 Rfd8 14. Qd2 g5 15. Bg3 d5 16. exd5 exd5 17. cxd5 Nxd5 18. Rad1 Nb6 19. Qc2 Qe6 20. Rde1 Qc4 21. Qf5 Qd3 22. Ne4 Rd5 23. Nf6+ Bxf6 24. Qxf6 Rf5 25. Qxh6 Qb5 26. Re4 Qxb2 27. Rfe1 Rf8 28. Bd6 Nd7 29. h4 Rf6 30. Qxg5+ Rg6 31. Qd5 Nf6 32. Qc5 Nxe4 33. Rxe4 Qb1+ 34. Re1 Qd3 35. Bxf8 Qxf3 36. g3 b6 37. Qa3 Nd4 38. Bb4 Qf6 39. Re8+ Kh7 40. f4 Rxg3+ 41. Qxg3 1-0

[Event "Copenhagen Bronshoj op"]
[Site "Copenhagen"]
[Date "2016.??.??"]
[Round "5"]
[White "Gustafsson, Magnus"]
[Black "Karlsson, Ulf"]
[Result "1/2-1/2"]
[WhiteElo "1950"]
[BlackElo "2045"]
[PlyCount "52"]
[EventDate "2016.02.12"]
[EventType "swiss"]
[EventRounds "7"]
[EventCountry "DEN"]
[SourceTitle "CBM 170 Extra"]
[Source "ChessBase"]
[SourceDate "2016.02.25"]
[SourceVersion "1"]
[SourceVersionDate "2016.02.25"]
[SourceQuality "1"]

1. e4 c5 2. Nf3 Nc6 3. Bb5 e6 4. Bxc6 bxc6 5. e5 Ba6 6. Na3 f6 7. d3 fxe5 8. Nxe5 Qf6 9. Qe2 Ne7 10. 0-0 Nf5 11. c3 Be7 12. Nf3 h6 13. Ne5 0-0-0 14. Nac4 g5 15. Qf3 Bxc4 16. Nxc4 Rdf8 17. Qd1 Nd6 18. Na5 Nb7 19. Qa4 Bd6 20. Be3 h5 21. Nxb7 Kxb7 22. d4 Qf5 23. Rad1 Rh7 24. dxc5 Bxc5 25. Bxc5 Qxc5 26. Rd4 Kc7 1/2-1/2

[Event "Copenhagen Bronshoj op"]
[Site "Copenhagen"]
[Date "2016.??.??"]
[Round "1"]
[White "Gustafsson, Magnus"]
[Black "Thorsbro, Peter"]
[Result "0-1"]
[WhiteElo "1950"]
[BlackElo "2220"]
[PlyCount "92"]
[EventDate "2016.02.12"]
[EventType "swiss"]
[EventRounds "7"]
[EventCountry "DEN"]
[SourceTitle "CBM 170 Extra"]
[Source "ChessBase"]
[SourceDate "2016.02.25"]
[SourceVersion "1"]
[SourceVersionDate "2016.02.25"]
[SourceQuality "1"]

1. e4 c6 2. d4 d5 3. e5 c5 4. Nf3 Bg4 5. c3 e6 6. Be2 Qb6 7. dxc5 Bxc5 8. Qa4+ Nc6 9. Qxg4 Bxf2+ 10. Kf1 Nge7 11. Na3 h5 12. Qa4 0-0 13. Qb5 Ng6 14. Qxb6 Bxb6 15. Nc2 f6 16. exf6 Rxf6 17. Ke1 e5 18. Be3 d4 19. cxd4 exd4 20. Bg5 Re8 21. Kd2 d3 22. Bxd3 Rd6 23. Kc3 Nge5 24. Nxe5 Nxe5 25. Bb5 Rc8+ 26. Kb3 Rc5 27. a4 Nc6 28. Bxc6 bxc6 29. Bf4 Rd3+ 30. Ka2 Rxc2 31. g3 Bd4 32. Rab1 Rf3 33. Rhd1 c5 34. Rd2 Rxd2 35. Bxd2 Rf2 36. Be1 Rxh2 37. Kb3 Rh1 38. Kc2 Kf7 39. b3 Ke6 40. Rd1 Kd5 41. Kd3 g5 42. Ke2 Ke4 43. a5 Rh2+ 44. Kf1 Kf3 45. Rd3+ Be3 46. a6 Rh1# 0-1

[Event "Copenhagen Bronshoj op"]
[Site "Copenhagen"]
[Date "2016.??.??"]
[Round "4"]
[White "Jacobsen, Mikkel Manosri"]
[Black "Gustafsson, Magnus"]
[Result "1-0"]
[WhiteElo "2188"]
[BlackElo "1950"]
[PlyCount "141"]
[EventDate "2016.02.12"]
[EventType "swiss"]
[EventRounds "7"]
[EventCountry "DEN"]
[SourceTitle "CBM 170 Extra"]
[Source "ChessBase"]
[SourceDate "2016.02.25"]
[SourceVersion "1"]
[SourceVersionDate "2016.02.25"]
[SourceQuality "1"]

1. d4 g6 2. c4 Nf6 3. Nc3 d5 4. e3 Bg7 5. cxd5 Nxd5 6. Nxd5 Qxd5 7. Ne2 0-0 8. Nc3 Qa5 9. Bd2 c6 10. Be2 Nd7 11. b4 Qd8 12. f4 Nf6 13. 0-0 Nd5 14. Ne4 f5 15. Nc5 b6 16. Nb3 Bb7 17. Rc1 Qd6 18. a3 Rac8 19. Rc2 Rfd8 20. Qb1 Rd7 21. Rfc1 Rdc7 22. Bf1 Qe6 23. a4 Qd6 24. Bc4 Kh8 25. Bxd5 Qxd5 26. Be1 Qe6 27. Rc3 Qd6 28. Qd3 Qd5 29. Qe2 e6 30. Qc4 Bf8 31. Qxd5 exd5 32. R3c2 Kg7 33. Ra1 Ba6 34. Rb2 Kf7 35. Nd2 c5 36. b5 Bb7 37. Nf3 cxd4 38. exd4 Bd6 39. Bd2 h6 40. Kf2 Rc2 41. Rxc2 Rxc2 42. Ke3 Bc8 43. Kd3 Rc4 44. Ne5+ Bxe5 45. fxe5 g5 46. a5 Rc7 47. axb6 axb6 48. Rb1 Bd7 49. Rb2 Kg6 50. Bc3 h5 51. g3 Kf7 52. Bd2 Kg6 53. h4 g4 54. Bf4 Ra7 55. Bd2 Kf7 56. Rb3 Ke6 57. Ke3 Be8 58. Kf4 Rc7 59. Be3 Bd7 60. Kg5 Be8 61. Ra3 Bxb5 62. Rb3 Be8 63. Rxb6+ Ke7 64. Kxf5 Kf7 65. Bh6 Re7 66. Rf6+ Kg8 67. Rf8+ Kh7 68. Kf6 Ra7 69. Rxe8 Ra6+ 70. e6 Ra1 71. Bf4 1-0

[Event "Bronshoj Autumn A"]
[Site "Bronshoj"]
[Date "2015.11.15"]
[Round "4"]
[White "Petersen, Steen Brustrup"]
[Black "Gustafsson, Magnus"]
[Result "1-0"]
[WhiteElo "2052"]
[BlackElo "1904"]
[PlyCount "77"]
[EventDate "2015.10.22"]
[EventType "tourn"]
[EventRounds "5"]
[EventCountry "DEN"]
[SourceTitle "EXT 2024"]
[Source "ChessBase"]
[SourceDate "2023.10.10"]
[SourceVersion "1"]
[SourceVersionDate "2023.10.10"]
[SourceQuality "1"]

1. c4 Nf6 2. g3 g6 3. Bg2 Bg7 4. Nc3 c5 5. Nf3 d5 6. cxd5 Nxd5 7. 0-0 Nxc3 8. bxc3 0-0 9. Qa4 Nc6 10. Ba3 Qd6 11. d4 Qe6 12. e3 cxd4 13. Nxd4 Nxd4 14. exd4 Bd7 15. Qb4 Bc6 16. Qxe7 Qxe7 17. Bxe7 Rfe8 18. Rfe1 Rac8 19. Bxc6 Rxc6 20. Bb4 Rce6 21. Rxe6 fxe6 22. a4 Bf8 23. Rb1 Bxb4 24. Rxb4 Re7 25. Rc4 Kf7 26. Kg2 Rd7 27. Kf3 Kf6 28. Ke4 Ke7 29. Rc5 b6 30. Rc6 Kf7 31. c4 Ke7 32. Ke5 Kf7 33. Rxe6 Rc7 34. Kd5 Rd7+ 35. Rd6 Rc7 36. c5 bxc5 37. dxc5 Ke8 38. c6 Rf7 39. f4 1-0